| 000 | 00629nam a2200205Ia 4500 | ||
|---|---|---|---|
| 005 | 20260429112011.0 | ||
| 008 | 260429s9999||||xx |||||||||||||| ||und|| | ||
| 020 | _a9781032988993 | ||
| 041 | _aEnglish | ||
| 082 |
_a338.4791 _bKOC |
||
| 100 | _aKoc, Erdogan | ||
| 245 | 0 |
_aCross-cultural aspects of tourism and hospitality : _ba services marketing and management perspective / _cErdogan Koc |
|
| 250 | _a2nd ed. | ||
| 260 |
_aNew Delhi : _bRoutledge, _c2026. |
||
| 300 | _axvii, 397 p.; pbk | ||
| 650 | _a Cross-cultural communication | ||
| 650 | _a Hospitality marketing | ||
| 650 | _aTourism management | ||
| 942 | _cTB | ||
| 999 |
_c51828 _d51828 |
||